[Event "Flims op"]
[Site "Flims"]
[Date "2023.07.10"]
[Round "3"]
[White "Bestehorn, Markus Daniel"]
[Black "Ziegler, Jamie Elias"]
[Result "1-0"]
[WhiteElo "1616"]
[BlackElo "1360"]
[PlyCount "69"]
[EventDate "2023.07.09"]
[EventType "swiss"]
[EventRounds "5"]
[EventCountry "SUI"]
[SourceTitle "EXT 2024"]
[Source "ChessBase"]
[SourceDate "2023.10.10"]
[SourceVersion "1"]
[SourceVersionDate "2023.10.10"]
[SourceQuality "1"]

1. d4 d5 2. Bf4 Nf6 3. e3 c5 4. Nf3 Nc6 5. c3 cxd4 6. exd4 e6 7. Nbd2 Bd6 8. Bg3 Bxg3 9. hxg3 Qc7 10. Bd3 Bd7 11. Qe2 0-0-0 12. Ne5 Nxe5 13. dxe5 Ne4 14. Nxe4 dxe4 15. Bxe4 Bc6 16. Bxc6 Qxc6 17. Qf3 Qd7 18. 0-0 Qe7 19. Qe3 Kb8 20. a3 h5 21. f4 g5 22. f5 g4 23. f6 Qc7 24. Rf4 Rd5 25. Re1 a6 26. Rd4 Rxd4 27. cxd4 Qb6 28. b4 Rd8 29. Rd1 Ka8 30. Qe4 Rd5 31. Kh2 Qd8 32. Qh7 Rxd4 33. Rxd4 Qxd4 34. Qxf7 Qxe5 35. Qf8+ 1-0